[Event "Pinar del Rio Province-ch fin 1st Cat"]
[White "Concepcion Ayala, Ronald"]
[Black "Corrales Jimenez, Zenia"]
[Site "Pinar del Rio"]
[Round "11"]
[Result "1-0"]
[Date "2010.11.07"]
[WhiteElo "2167"]
[BlackElo "2159"]
[PlyCount "119"]
[EventDate "2010.10.27"]
[EventType "tourn"]
[EventRounds "11"]
[EventCountry "CUB"]
[SourceTitle "EXT 2019"]
[Source "ChessBase"]
[SourceDate "2018.10.10"]
[SourceVersion "1"]
[SourceVersionDate "2018.10.10"]
[SourceQuality "1"]

1. b3 d5 2. Bb2 e6 3. g3 Nf6 4. Bg2 c5 5. Nf3 Be7 6. 0-0 0-0 7. d3 b6 8. Nbd2 Bb7 9. Ne5 Nbd7 10. e3 Nxe5 11. Bxe5 Nd7 12. Bb2 Bf6 13. Qc1 Bxb2 14. Qxb2 Qf6 15. Qxf6 Nxf6 16. Rfe1 Rfd8 17. f3 Ba6 18. e4 c4 19. e5 Ne8 20. d4 Nc7 21. a4 Bb7 22. b4 c3 23. Nf1 Rdc8 24. Ne3 Na6 25. Reb1 Nb8 26. b5 a6 27. Bf1 axb5 28. axb5 Nd7 29. Nd1 Ra5 30. Rxa5 bxa5 31. Ra1 Ra8 32. Ra3 a4 33. Nxc3 Nb6 34. Bd3 Kf8 35. Kf2 Bc8 36. Ke3 Bd7 37. Kd2 Ra5 38. f4 h5 39. h4 Ke7 40. Kc1 Kd8 41. Kb2 Kc7 42. Ra1 Nc4+ 43. Bxc4 dxc4 44. Rxa4 Rxa4 45. Nxa4 Bxb5 46. Nc3 Kc6 47. Ka3 Ba6 48. Kb4 f5 49. Ka4 Bc8 50. Ka5 g6 51. Kb4 Ba6 52. Ka3 Bb7 53. Kb2 Ba6 54. Na2 Kb5 55. Ka3 Bb7 56. Nc3+ Ka5 57. Na4 Kb5 58. Nc5 Bc8 59. c3 Ka5 60. d5 1-0

[Event "Pinar del Rio Province-ch fin 1st Cat"]
[White "Concepcion Ayala, Ronald"]
[Black "Ramos Pineiro, Alexis"]
[Site "Pinar del Rio"]
[Round "8"]
[Result "1-0"]
[Date "2010.11.04"]
[WhiteElo "2167"]
[BlackElo "2236"]
[PlyCount "95"]
[EventDate "2010.10.27"]
[EventType "tourn"]
[EventRounds "11"]
[EventCountry "CUB"]
[SourceTitle "EXT 2019"]
[Source "ChessBase"]
[SourceDate "2018.10.10"]
[SourceVersion "1"]
[SourceVersionDate "2018.10.10"]
[SourceQuality "1"]

1. d4 Nf6 2. Bg5 c5 3. d5 Qb6 4. Bc1 g6 5. Nc3 Bg7 6. e4 d6 7. f4 0-0 8. Nf3 e6 9. dxe6 Bxe6 10. Be2 Nc6 11. Ng5 Bc8 12. 0-0 h6 13. Nf3 Nd4 14. Bc4 Bg4 15. Qd3 d5 16. Bxd5 Bxf3 17. gxf3 c4 18. Qe3 Nxd5 19. Nxd5 Qd6 20. Qf2 f5 21. c3 fxe4 22. fxe4 Rae8 23. Qg2 Ne6 24. Qxg6 Kh8 25. Kh1 Rg8 26. f5 Qe5 27. f6 Bf8 28. Qf5 Qxf5 29. exf5 Nd8 30. Be3 b6 31. Bd4 Nf7 32. Rae1 Bc5 33. Ne7 Bxe7 34. fxe7+ Kh7 35. f6 Rg5 36. Rg1 Kg6 37. Rxg5+ Nxg5 38. Rg1 Kf7 39. Rf1 Ke6 40. Kg2 Nf7 41. Kf3 b5 42. Kf4 a5 43. Re1+ Kd7 44. Kf5 Rg8 45. Rg1 Nd6+ 46. Ke5 Nf7+ 47. Kd5 Rxg1 48. Bxg1 1-0

[Event "Pinar del Rio Province-ch fin 1st Cat"]
[White "Reyes Santacruz, Lazaro Emel"]
[Black "Concepcion Ayala, Ronald"]
[Site "Pinar del Rio"]
[Round "5"]
[Result "0-1"]
[Date "2010.11.01"]
[WhiteElo "2075"]
[BlackElo "2167"]
[PlyCount "64"]
[EventDate "2010.10.27"]
[EventType "tourn"]
[EventRounds "11"]
[EventCountry "CUB"]
[SourceTitle "EXT 2019"]
[Source "ChessBase"]
[SourceDate "2018.10.10"]
[SourceVersion "1"]
[SourceVersionDate "2018.10.10"]
[SourceQuality "1"]

1. e4 e5 2. Nf3 Nc6 3. Bc4 Be7 4. d4 exd4 5. Nxd4 Ne5 6. Bb3 Nf6 7. f4 Ng6 8. Nc3 d6 9. 0-0 0-0 10. Qd3 Re8 11. Bd2 a6 12. Rae1 Bf8 13. Nf3 Be6 14. f5 Bxb3 15. fxg6 Be6 16. gxf7+ Bxf7 17. Ng5 Bg6 18. Qc4+ Kh8 19. Nf7+ Bxf7 20. Qxf7 Be7 21. Re3 Rf8 22. Qe6 d5 23. e5 Ne4 24. Rxf8+ Bxf8 25. Rd3 Nc5 26. Qxd5 Nxd3 27. cxd3 Qxd5 28. Nxd5 c6 29. Nf4 Bc5+ 30. Kf1 Bd4 31. e6 Bxb2 32. Ke2 Re8 0-1

[Event "Pinar del Rio Province-ch fin 1st Cat"]
[White "Hernandez Copin, Elvis"]
[Black "Concepcion Ayala, Ronald"]
[Site "Pinar del Rio"]
[Round "3"]
[Result "1-0"]
[Date "2010.10.29"]
[WhiteElo "1999"]
[BlackElo "2167"]
[PlyCount "119"]
[EventDate "2010.10.27"]
[EventType "tourn"]
[EventRounds "11"]
[EventCountry "CUB"]
[SourceTitle "EXT 2019"]
[Source "ChessBase"]
[SourceDate "2018.10.10"]
[SourceVersion "1"]
[SourceVersionDate "2018.10.10"]
[SourceQuality "1"]

1. e4 e6 2. d4 d5 3. e5 c5 4. c3 Nc6 5. Nf3 Bd7 6. Be2 Qb6 7. a3 c4 8. 0-0 a5 9. Nbd2 a4 10. Re1 Na5 11. g3 h6 12. Nh4 Ne7 13. Bg4 g6 14. Qe2 Bg7 15. f4 0-0-0 16. Qf2 Rdg8 17. Bd1 Nf5 18. Nhf3 Qd8 19. Bc2 Kb8 20. Rb1 Bf8 21. g4 Ng7 22. Nf1 Be7 23. Ne3 Bc6 24. Kh1 h5 25. g5 Qb6 26. Nh4 Ne8 27. Qe2 Nc7 28. Qd1 Qb5 29. Nf3 Ka7 30. Rf1 Ra8 31. Nh4 Rhg8 32. Qf3 Nb3 33. Nhg2 Kb8 34. h4 Ra6 35. f5 exf5 36. Bxf5 Rf8 37. Bh3 Ra8 38. Nc2 Nxc1 39. Rfxc1 Ka7 40. Rf1 Rad8 41. Nf4 Bd7 42. Rf2 Ne6 43. Qg2 Nxf4 44. Rxf4 Be6 45. Nb4 Qd7 46. Kh2 Rg8 47. Rbf1 Rg7 48. Rxf7 Rxf7 49. Rxf7 Bxf7 50. Bxd7 Rxd7 51. Qc2 Kb8 52. e6 Bxe6 53. Qxg6 Bg4 54. Qe8+ Bd8 55. g6 Ka7 56. Nxd5 Bxh4 57. Ne3 Re7 58. Qxe7 Bxe7 59. Nxg4 Bf8 60. Nf6 1-0